Statistiken für Mannschaften der Oberliga Niederrhein 2023/24

Klicken Sie hier um das Quiz zu spielen!

Allgemein

  • Dieses Quiz wurde 16 mal gespielt
  • Das Durchschnittsergebnis liegt bei 8 aus 18

Antwortstatistiken

Mannschaften% Korrekt
1. FC Kleve
71%
KFC Uerdingen 05
71%
Sportfreunde Baumberg
64%
ETB Schwarz-Weiß Essen
57%
Ratingen 04/19
50%
TSV Meerbusch
50%
VfB Homberg
50%
SpVg Schonnebeck
43%
SV Sonsbeck
43%
TV Dalbecksbaum Velbert
43%
SC St. Tönis 11/20
36%
Adler Union Frintrop
29%
FC Büderich
29%
Mülheimer FC 97
29%
SC Union Nettetal
29%
Sportfreunde Hamborn 07
29%
SV Straelen
21%
VfB 03 Hilden
21%

Verteilung der Resultate

Perzentil nach korrekt beantworteten Fragen

Anzahl Personen mit jedem Resultat

Ihre Resultats-Entwicklung

Sie haben dieses Quiz noch nicht gespielt